000 00463nam a2200169Ia 4500
005 20250603145742.0
008 250603s9999 xx 000 0 und d
050 _aJQ 3080.P64 .S68/
100 _aEdited by Idi Mohammed Faruk & Lanre Adebayo
245 0 _aSource book on political parties: manifestoes and constitutions
260 _aAbuja
260 _bNational Orientation Agency
260 _c2007
300 _a1314 p
650 _aAbuja
942 _cBK
999 _c42747
_d42747